Music Quiz

Random Music or Album Quiz
Score 0/53 Timer 20:00
0 Plays Today
Track Song % Correct
1Hollywood's Bleeding
94.7%
6White Iverson
89.6%
12Congratulations (feat. Quavo)
88.4%
6rockstar (feat. 21 Savage)
88.4%
12Sunflower - Spider-Man: Into the Spider-Verse (feat. Swae Lee)
87.8%
17Wow.
87.8%
6Circles
87.3%
9Take What You Want (feat. Ozzy Osbourne & Travis Scott)
86.8%
9Better Now
86.7%
10Feel (feat. Kehlani)
83.8%
14Goodbyes (feat. Young Thug)
83.6%
2Saint-Tropez
83.1%
7Die For Me (feat. Future & Halsey)
83.1%
12Stay
81.7%
8Psycho (feat. Ty Dolla $ign)
81.3%
17Candy Paint
81.3%
3Enemies (feat. DaBaby)
81%
10Ball For Me (feat. Nicki Minaj)
80.9%
3Deja Vu (feat. Justin Bieber)
80.1%
1Paranoid
80.1%
4Allergic
79.9%
18Feeling Whitney
79.7%
3Rich & Sad
79.7%
9Go Flex
78.8%
11Staring At The Sun (feat. SZA)
78.8%
13Internet
78.3%
1692 Explorer
78%
Track Song % Correct
15Myself
77.2%
4Zack And Codeine
77.2%
7I Fall Apart
76.8%
18Sugar Wraith
76.3%
1Broken Whiskey Glass
75.9%
2Spoil My Night (feat. Swae Lee)
75.9%
5A Thousand Bad Times
75.1%
8On The Road (feat. Meek Mill & Lil Baby)
75.1%
16I Know
75.1%
7Over Now
75.1%
4No Option
74.3%
15Jonestown (Interlude)
73%
17Money Made Me Do It (feat. 2 Chainz)
71%
11Too Young
70.5%
5Takin' Shots
70.5%
2Big Lie
69.7%
14Same Bitches (feat. G-Eazy & YG)
68.5%
5Cold
67.2%
10I'm Gonna Be
66.7%
11Otherside
64.7%
15Leave
64.3%
13Blame It On Me
64.3%
14Yours Truly, Austin Post
63.1%
8Patient
61.8%
13Up There
61.8%
16Hit This Hard
56.8%

You're not logged in!

Compare scores with friends on all Sporcle quizzes.
OR
Log In

Sporcle TV

Today on Sporcle TV


Watch our educational content, quiz creation guides, and fun videos on Sporcle TV.

Show Comments

Extras

Top Quizzes Today


Score Distribution

Paid Content

Your Account Isn't Verified!

In order to create a playlist on Sporcle, you need to verify the email address you used during registration. Go to your Sporcle Settings to finish the process.

Report this User

Report this user for behavior that violates our Community Guidelines.

Details: